[Event "CC Sarajevo chess Championship"]
[Site "Sarajevo"]
[Date "2018.02.19"]
[Round "1.1"]
[White "Burovic, Ismet"]
[Black "Hasanovic, Jakub"]
[Result "1-0"]
[WhiteElo "2327"]
[BlackElo "1834"]
[PlyCount "79"]
[EventDate "2018.02.19"]

1. Nf3 Nc6 2. c4 d5 3. cxd5 Qxd5 4. Nc3 Qd8 5. d4 e6 6. e4 h6 7. Bb5 Bd7 8. O-O
a6 9. Ba4 Bb4 10. d5 Nb8 11. dxe6 fxe6 12. Ne5 Nf6 13. Ng6 Rg8 14. e5 Bxc3 15.
bxc3 Bxa4 16. Qxa4+ Nfd7 17. Qg4 Kf7 18. Nf4 Nf8 19. Qh5+ g6 20. Qxh6 Qe7 21.
a4 Nbd7 22. Ba3 c5 23. Nd3 Rc8 24. f3 Rg7 25. Qf4+ Kg8 26. Nf2 g5 27. Qe4 Rc7
28. Ng4 Ng6 29. Rab1 b6 30. Rfe1 a5 31. c4 Kh8 32. g3 Rc8 33. Bb2 Ndf8 34. Red1
Qc7 35. Rd6 Ne7 36. Nf6 Nf5 37. Rxe6 Nxe6 38. Qxf5 Nf8 39. e6 g4 40. Qh5+ 1-0

[Event "CC Sarajevo chess Championship"]
[Site "Sarajevo"]
[Date "2018.02.19"]
[Round "1.4"]
[White "Gligorevic, Milorad"]
[Black "Kozarcanin, Sead"]
[Result "0-1"]
[WhiteElo "1768"]
[BlackElo "2051"]
[PlyCount "96"]
[EventDate "2018.02.19"]

1. e4 e5 2. Nf3 Nc6 3. d4 exd4 4. c3 d5 5. Bd3 dxc3 6. exd5 Qxd5 7. Nxc3 Bb4 8.
O-O Bxc3 9. bxc3 Bg4 10. Qe2+ Nge7 11. Be4 Qe6 12. Ba3 O-O-O 13. Rab1 Nd5 14.
Qb5 Qxe4 15. Qxb7+ Kd7 16. Rfe1 Bxf3 17. Rxe4 Bxe4 18. Re1 Rb8 19. Qa6 Rb1 20.
Rxb1 Bxb1 21. Qc4 Nb6 22. Qxf7+ Kc8 23. Qb3 Bd3 24. Bc5 Bc4 25. Qc2 Re8 26. Be3
g6 27. h4 Kb7 28. h5 Re6 29. a4 a5 30. hxg6 Rxg6 31. g3 Bd5 32. Qf5 Ne7 33. Qd3
Bc6 34. c4 Rd6 35. Qb1 Bxa4 36. Qxh7 Rd1+ 37. Kg2 Bc6+ 38. f3 Rd7 39. Qb1 Ka6
40. Qf1 Nf5 41. Bg1 Rd2+ 42. Kh3 Nd4 43. Bxd4 Rxd4 44. c5+ Nc4 45. Qa1 Rd5 46.
Qg7 Bd7+ 47. Kh4 Ne5 48. f4 Nf3# 0-1

[Event "CC Sarajevo chess Championship"]
[Site "Sarajevo"]
[Date "2018.02.19"]
[Round "1.5"]
[White "Korjenic, Esef"]
[Black "Lakota, Izet"]
[Result "0-1"]
[WhiteElo "1981"]
[BlackElo "1750"]
[PlyCount "114"]
[EventDate "2018.02.19"]

1. d4 d5 2. c4 c6 3. Nc3 Nf6 4. Bg5 Nbd7 5. f3 a6 6. e4 dxe4 7. fxe4 h6 8. Bh4
g5 9. Bg3 Bg7 10. h3 Qa5 11. Qc2 Nh5 12. Bf2 c5 13. Nf3 cxd4 14. Nxd4 Bxd4 15.
Bxd4 e5 16. Bf2 O-O 17. O-O-O Nf4 18. h4 Kg7 19. hxg5 hxg5 20. g3 Ng6 21. Be3
f6 22. Kb1 b5 23. cxb5 axb5 24. Bxb5 Rd8 25. Rd2 Ndf8 26. Bc4 Be6 27. Bd5 Rac8
28. Rhd1 Ne7 29. Qb3 Rb8 30. Qc2 Rbc8 31. Rh2 Bxd5 32. exd5 Nxd5 33. Bd2 Qc5
34. Rdh1 Nxc3+ 35. Bxc3 Kf7 36. Qf5 Qb6 37. Bxe5 Rc6 38. Qf2 Qb5 39. Qf3 Rd3
40. Qf5 Rd5 41. Rh7+ Ke8 42. Rh8 Rxe5 43. Rxf8+ Kxf8 44. Rh8+ Ke7 45. Rh7+ Ke8
46. Rh8+ Ke7 47. Rh7+ Kd6 48. Rd7+ Kc5 49. Qf2+ Kb4 50. Qd2+ Ka4 51. Rd4+ Rc4
52. Rxc4+ Qxc4 53. b3+ Qxb3+ 54. axb3+ Kxb3 55. Qd3+ Kb4 56. Qd6+ Kb3 57. Qxf6
Re1# 0-1

[Event "CC Sarajevo chess Championship"]
[Site "Sarajevo"]
[Date "2018.02.19"]
[Round "1.6"]
[White "Bavcic, Fuad"]
[Black "Dedic, Nedzad"]
[Result "0-1"]
[WhiteElo "1671"]
[BlackElo "1935"]
[PlyCount "144"]
[EventDate "2018.02.19"]

1. d4 Nf6 2. c4 e6 3. a3 d5 4. Nc3 c5 5. e3 Nc6 6. Nf3 Ne4 7. cxd5 Nxc3 8. bxc3
exd5 9. Bd2 Bd6 10. Be2 O-O 11. O-O c4 12. g3 Bf5 13. Nh4 Bh3 14. Ng2 Na5 15.
Bf3 Nb3 16. Ra2 Qa5 17. e4 Be6 18. exd5 Bxd5 19. Bxd5 Qxd5 20. Ne3 Qc6 21. Qe2
b5 22. Nf5 Kh8 23. Qg4 Rg8 24. Nxd6 Qxd6 25. Bf4 Qd5 26. Qg5 Qxg5 27. Bxg5 f6
28. Bf4 Rge8 29. h4 a5 30. d5 Rad8 31. Rd1 Rd7 32. Kf1 Kg8 33. Re2 Kf7 34. Rxe8
Kxe8 35. d6 Rb7 36. Re1+ Kd8 37. Be3 Kd7 38. Bf4 Kc6 39. g4 Nc5 40. Re7 Rd7 41.
Ke2 Nb7 42. Rxd7 Kxd7 43. Ke3 Nxd6 44. Kd4 Kc6 45. f3 a4 46. Bd2 Nb7 47. Ke4 g6
48. Be3 Nd6+ 49. Kd4 Nf7 50. Bf4 Ne5 51. Ke4 Kd7 52. g5 Nd3 53. Bd2 fxg5 54.
hxg5 Kd6 55. Kd4 Nc5 56. Bf4+ Kc6 57. Be3 Nd3 58. Ke4 Kd6 59. f4 Ke6 60. Bd4
Kd6 61. f5 gxf5+ 62. Kxf5 Kd5 63. Kf6 b4 64. Kg7 b3 65. Kxh7 Nf4 66. Be3 Ne6
67. Bc1 Nxg5+ 68. Kg6 Ne4 69. Bb2 Ke5 70. Kf7 Nc5 71. Ke7 Nd3 72. Ba1 b2 0-1

[Event "CC Sarajevo chess Championship"]
[Site "Sarajevo"]
[Date "2018.02.20"]
[Round "2.1"]
[White "Dedic, Nedzad"]
[Black "Burovic, Ismet"]
[Result "0-1"]
[WhiteElo "1935"]
[BlackElo "2327"]
[PlyCount "88"]
[EventDate "2018.02.19"]

1. e4 c6 2. d4 d5 3. Nc3 dxe4 4. Nxe4 Bf5 5. Ng3 Bg6 6. Bc4 e6 7. Nf3 Nd7 8. h4
h6 9. Bf4 Ngf6 10. Bd3 Bxd3 11. Qxd3 Qa5+ 12. Bd2 Bb4 13. Qb3 Bxd2+ 14. Nxd2
Qd5 15. Nf3 O-O 16. Qxd5 cxd5 17. O-O Ne4 18. Ne2 b5 19. Rfd1 Rfc8 20. c3 b4
21. Rdc1 bxc3 22. Nxc3 Nxc3 23. bxc3 Rc7 24. Rab1 Rac8 25. Rb3 Nb6 26. Nd2 Na4
27. Nb1 h5 28. Ra3 Rc4 29. Rd1 Nxc3 30. Nxc3 Rxc3 31. Rxa7 Rc1 32. Rxc1 Rxc1+
33. Kh2 Rc4 34. g3 Rxd4 35. a4 g6 36. a5 Ra4 37. a6 Kg7 38. Ra8 Kf6 39. a7 Ke5
40. Kg2 Ke4 41. g4 hxg4 42. Kg3 Kf5 43. h5 gxh5 44. Kh4 Ra3 0-1

[Event "CC Sarajevo chess Championship"]
[Site "Sarajevo"]
[Date "2018.02.20"]
[Round "2.2"]
[White "Haskovic, Salih"]
[Black "Hadzovic, Amir"]
[Result "0-1"]
[WhiteElo "1887"]
[BlackElo "2281"]
[PlyCount "62"]
[EventDate "2018.02.19"]

1. e4 e5 2. Nc3 Nc6 3. Bc4 Nf6 4. d3 Bb4 5. Bg5 h6 6. Bh4 d6 7. Nge2 Bd7 8. O-O
g5 9. Bg3 Qe7 10. a3 Bc5 11. b4 Bd4 12. Nxd4 Nxd4 13. Ne2 Ne6 14. a4 h5 15. f3
h4 16. Be1 Nf4 17. d4 N6h5 18. Bc3 Rg8 19. dxe5 dxe5 20. h3 O-O-O 21. Qe1 Kb8
22. Kh2 Qf6 23. Qf2 Ng3 24. Nxg3 hxg3+ 25. Qxg3 Qc6 26. Bxe5 Qxc4 27. Bxf4 gxf4
28. Qxf4 Qxc2 29. Rg1 Bxh3 30. Kxh3 Rh8+ 31. Kg4 Rdg8+ 0-1

[Event "CC Sarajevo chess Championship"]
[Site "Sarajevo"]
[Date "2018.02.20"]
[Round "2.3"]
[White "Lakota, Izet"]
[Black "Mrndjic, Muamer"]
[Result "0-1"]
[WhiteElo "1750"]
[BlackElo "2154"]
[PlyCount "41"]
[EventDate "2018.02.19"]

1. e4 c5 2. Nf3 g6 3. c3 d5 4. exd5 Qxd5 5. Be2 Bg7 6. d3 Nf6 7. h3 O-O 8. O-O
Nc6 9. Be3 b6 10. d4 cxd4 11. Nxd4 Ne5 12. Nf3 Bb7 13. Nh4 Qc6 14. Nf3 Nc4 15.
Bxc4 Qxc4 16. Nfd2 Qc6 17. Nf3 Qb5 18. Bc1 Rad8 19. Nbd2 Bh6 20. Qc2 Rd3 21.
Nd4 0-1

[Event "CC Sarajevo chess Championship"]
[Site "Sarajevo"]
[Date "2018.02.20"]
[Round "2.4"]
[White "Kozarcanin, Sead"]
[Black "Oputic, Mirsad"]
[Result "1/2-1/2"]
[WhiteElo "2051"]
[BlackElo "1916"]
[PlyCount "78"]
[EventDate "2018.02.19"]

1. b3 f5 2. Bb2 Nf6 3. e3 e6 4. f4 d5 5. Nf3 Bd6 6. Be2 Qe7 7. O-O Nbd7 8. c4
c6 9. Ne5 O-O 10. Kh1 Ne4 11. d3 Nef6 12. Nd2 Bc5 13. d4 Bd6 14. a4 a5 15. g4
Bb4 16. g5 Ne4 17. Nxe4 fxe4 18. Bg4 Nxe5 19. dxe5 Bd7 20. Qe2 Rac8 21. Qg2 Bc5
22. Qh3 g6 23. Rad1 Rcd8 24. Rc1 Bc8 25. Rfd1 Rfe8 26. cxd5 cxd5 27. Bd4 b6 28.
Rc2 Ba6 29. Rdc1 Rc8 30. Rc3 Kg7 31. Kg1 Rc6 32. Kf2 Rf8 33. Kg3 Rfc8 34. Qg2
Qd7 35. Qh3 Qe7 36. Qg2 Bb7 37. Qh3 R8c7 38. Qh6+ Kg8 39. h4 Qd7 1/2-1/2

[Event "CC Sarajevo chess Championship"]
[Site "Sarajevo"]
[Date "2018.02.20"]
[Round "2.7"]
[White "Colpa, Fahrudin"]
[Black "Bavcic, Fuad"]
[Result "1-0"]
[WhiteElo "1830"]
[BlackElo "1671"]
[PlyCount "73"]
[EventDate "2018.02.19"]

1. e4 e6 2. c4 c6 3. Nc3 d5 4. cxd5 cxd5 5. exd5 exd5 6. Qb3 Qe7+ 7. Be2 Be6 8.
d4 Nc6 9. Nf3 Rd8 10. O-O Nf6 11. Bg5 h6 12. Bh4 g5 13. Bg3 g4 14. Ne5 Nxd4 15.
Qa4+ Nc6 16. Nxc6 bxc6 17. Qxc6+ Qd7 18. Qa6 Qc8 19. Bb5+ Nd7 20. Qxa7 Bc5 21.
Qa4 O-O 22. Rfe1 Nb6 23. Qd1 Bb4 24. Rc1 Qb7 25. Rxe6 fxe6 26. Qxg4+ Qg7 27.
Qxb4 Nc8 28. Re1 Qg6 29. Ne2 Qe4 30. Nd4 Qg4 31. h3 Qg6 32. Rxe6 Qb1+ 33. Kh2
Rf7 34. Qd2 Ne7 35. Bd3 Qxa2 36. Rxh6 Kf8 37. Ne6+ 1-0

[Event "CC Sarajevo chess Championship"]
[Site "Sarajevo"]
[Date "2018.02.21"]
[Round "3.1"]
[White "Hadzovic, Amir"]
[Black "Burovic, Ismet"]
[Result "1/2-1/2"]
[WhiteElo "2281"]
[BlackElo "2327"]
[PlyCount "53"]
[EventDate "2018.02.19"]

1. d4 Nf6 2. Bf4 g6 3. e3 Bg7 4. Nf3 O-O 5. Be2 c5 6. c3 d5 7. Nbd2 Nc6 8. Ne5
Nxe5 9. Bxe5 Qb6 10. Qb3 Bf5 11. dxc5 Qc6 12. Qb5 Qxb5 13. Bxb5 Rfc8 14. b4 Bf8
15. O-O Nd7 16. Bd4 Bg7 17. Bxg7 Kxg7 18. Bxd7 Bxd7 19. Rfc1 b6 20. cxb6 axb6
21. a3 Ra7 22. e4 dxe4 23. Nxe4 Rca8 24. Nd2 Rxa3 25. Rxa3 Rxa3 26. Nc4 Ra6 27.
f3 1/2-1/2

[Event "CC Sarajevo chess Championship"]
[Site "Sarajevo"]
[Date "2018.02.21"]
[Round "3.2"]
[White "Mrndjic, Muamer"]
[Black "Kozarcanin, Sead"]
[Result "1-0"]
[WhiteElo "2154"]
[BlackElo "2051"]
[PlyCount "75"]
[EventDate "2018.02.19"]

1. d4 d5 2. c4 c6 3. Nf3 Nf6 4. e3 a6 5. Bd3 g6 6. b3 b5 7. O-O Bg7 8. Qc2 O-O
9. Bb2 Nbd7 10. Nbd2 Bb7 11. Rfe1 Nb6 12. e4 Nxe4 13. Nxe4 dxe4 14. Bxe4 Rc8
15. Rac1 Re8 16. h4 Qd7 17. h5 Qg4 18. hxg6 hxg6 19. Ne5 Bxe5 20. dxe5 bxc4 21.
bxc4 Nd7 22. c5 Nf8 23. Re3 Rcd8 24. Rg3 Qf4 25. Rf3 Qg4 26. Qb3 Ne6 27. Bf5
gxf5 28. Rg3 Bc8 29. Rxg4+ fxg4 30. Qa4 Ng5 31. Qf4 Nh7 32. e6 Bxe6 33. Qe5 Nf6
34. Qg5+ Kh7 35. Bxf6 exf6 36. Qxf6 Rd5 37. Re1 Rh5 38. Rxe6 1-0

[Event "CC Sarajevo chess Championship"]
[Site "Sarajevo"]
[Date "2018.02.21"]
[Round "3.3"]
[White "Oputic, Mirsad"]
[Black "Dedic, Nedzad"]
[Result "0-1"]
[WhiteElo "1916"]
[BlackElo "1935"]
[PlyCount "68"]
[EventDate "2018.02.19"]

1. f4 d5 2. d4 Nf6 3. Nf3 e6 4. e3 c5 5. c3 Nc6 6. Bd3 Bd7 7. Nbd2 Qb6 8. Ne5
Bd6 9. Qe2 h5 10. Qf2 g6 11. Qh4 Be7 12. Qg3 Rc8 13. O-O a5 14. Kh1 h4 15. Qf3
Nh5 16. Nxf7 Kxf7 17. Qg4 Rhg8 18. Nf3 Ke8 19. Ng5 e5 20. Qe2 e4 21. Bb5 Ng7
22. dxc5 Qxc5 23. a4 Bxg5 24. fxg5 Rf8 25. Rd1 Rf5 26. b4 Qe7 27. c4 Nxb4 28.
Bb2 Bxb5 29. axb5 b6 30. Bf6 Qc7 31. Qb2 Kf8 32. cxd5 Nd3 33. Qa2 Qd6 34. Rd2
Qxd5 0-1

[Event "CC Sarajevo chess Championship"]
[Site "Sarajevo"]
[Date "2018.02.21"]
[Round "3.4"]
[White "Hasanovic, Jakub"]
[Black "Haskovic, Salih"]
[Result "1-0"]
[WhiteElo "1834"]
[BlackElo "1887"]
[Annotator "GEKIC"]
[PlyCount "35"]
[EventDate "2018.02.19"]

1. d4 d5 2. c4 e6 3. Nc3 Bb4 4. Nf3 Nf6 5. Bg5 O-O 6. e3 Bxc3+ 7. bxc3 c6 8. h3
dxc4 9. Bxc4 Nbd7 10. O-O Qa5 11. Qc2 e5 12. Bxf6 gxf6 13. Bd3 h6 14. e4 Kh7
15. Nd2 Rg8 16. f4 Nf8 17. Kh2 Rg6 18. fxe5 {necitko} 1-0

[Event "CC Sarajevo chess Championship"]
[Site "Sarajevo"]
[Date "2018.02.21"]
[Round "3.7"]
[White "Korjenic, Esef"]
[Black "Camdzija, Samir"]
[Result "1/2-1/2"]
[WhiteElo "1981"]
[BlackElo "1822"]
[PlyCount "38"]
[EventDate "2018.02.19"]

1. e4 c5 2. Nf3 Nc6 3. Nc3 g6 4. Bc4 Bg7 5. d3 e6 6. O-O Nge7 7. Bg5 f6 8. Be3
d5 9. exd5 exd5 10. Bxd5 Nxd5 11. Bxc5 Nxc3 12. Re1+ Kf7 13. bxc3 Re8 14. Rxe8
Qxe8 15. Qb1 Ne5 16. Nd4 Bf8 17. Qb3+ Kg7 18. Bxf8+ Kxf8 19. Re1 Qf7 1/2-1/2

[Event "CC Sarajevo chess Championship"]
[Site "Sarajevo"]
[Date "2018.02.21"]
[Round "3.8"]
[White "Bavcic, Fuad"]
[Black "Gligorevic, Milorad"]
[Result "1-0"]
[WhiteElo "1671"]
[BlackElo "1768"]
[PlyCount "73"]
[EventDate "2018.02.19"]

1. d4 e5 2. e3 d5 3. c3 c5 4. dxe5 f6 5. Nf3 Bg4 6. Qa4+ Bd7 7. Bb5 Nc6 8. e6
Bxe6 9. Bxc6+ bxc6 10. Qxc6+ Kf7 11. O-O Rc8 12. Qa4 Qb6 13. Qf4 Kg6 14. Qa4
Bd6 15. e4 Ne7 16. Re1 Nc6 17. Qc2 Kf7 18. exd5 Bxd5 19. Qd3 Bxf3 20. Qxd6 Rcd8
21. Qe6+ Kg6 22. gxf3 Rhe8 23. Qg4+ Kf7 24. Qc4+ Kf8 25. Be3 Re5 26. b4 Ne7 27.
f4 Re6 28. Nd2 Qc6 29. Nb3 f5 30. Bxc5 Rg6+ 31. Kf1 Qg2+ 32. Ke2 Ke8 33. Bxe7
Kxe7 34. Nd4 Rd5 35. Rad1 Kd7 36. Nf3 Re6+ 37. Ne5+ 1-0

[Event "CC Sarajevo chess Championship"]
[Site "Sarajevo"]
[Date "2018.02.22"]
[Round "4.1"]
[White "Burovic, Ismet"]
[Black "Mrndjic, Muamer"]
[Result "0-1"]
[WhiteElo "2327"]
[BlackElo "2154"]
[PlyCount "80"]
[EventDate "2018.02.19"]

1. e4 e5 2. Bc4 Nf6 3. d3 c6 4. Qe2 Be7 5. Nf3 O-O 6. O-O d5 7. Bb3 dxe4 8.
dxe4 Qc7 9. Bg5 Bg4 10. Nbd2 Nbd7 11. h3 Bh5 12. c3 Nc5 13. Bc2 Ne6 14. Be3 Bc5
15. b4 Bxe3 16. fxe3 Ng5 17. Qe1 (17. Qf2) 17... Bxf3 18. gxf3 Nxh3+ 19. Kh2
Ng5 20. Qg3 h6 21. Rf2 c5 22. b5 c4 23. Rg1 Rad8 24. Nf1 Rfe8 25. Kh1 Qd7 26.
Rh2 Kf8 27. a4 Qd6 28. Qg2 Qa3 29. f4 Ne6 30. Ng3 Ng4 31. Nf5 Nxh2 32. Nxg7 Nf3
33. Nxe6+ Rxe6 34. Qxf3 Qxc3 35. f5 Rf6 36. Bd1 Rd3 37. Qg2 Rxe3 38. Kh2 Ke7
39. Be2 Rd6 40. Rf1 Rxe2 0-1

[Event "CC Sarajevo chess Championship"]
[Site "Sarajevo"]
[Date "2018.02.22"]
[Round "4.2"]
[White "Hasanovic, Jakub"]
[Black "Hadzovic, Amir"]
[Result "0-1"]
[WhiteElo "1834"]
[BlackElo "2281"]
[PlyCount "68"]
[EventDate "2018.02.19"]

1. Nf3 Nf6 2. Nc3 g6 3. g3 Bg7 4. Bg2 d6 5. d4 c6 6. e4 O-O 7. h3 b5 8. a3 Qb6
9. O-O a5 10. Be3 Na6 11. Nd2 Bb7 12. Ne2 Nd7 13. c3 Qd8 14. f4 e5 15. f5 Nc7
16. g4 h6 17. Ng3 d5 18. Nf3 dxe4 19. Nxe4 Nd5 20. Bd2 exd4 21. cxd4 Qb6 22.
Kh2 Rae8 23. Re1 Qc7+ 24. Kh1 Nf4 25. Ne5 Nxg2 26. Kxg2 c5 27. Qe2 Nxe5 28. Bf4
Qd7 29. dxe5 gxf5 30. Rad1 Qc8 31. gxf5 Qxf5 32. Kg3 Bxe5 33. Nf6+ Qxf6 34.
Bxe5 Rxe5 0-1

[Event "CC Sarajevo chess Championship"]
[Site "Sarajevo"]
[Date "2018.02.22"]
[Round "4.4"]
[White "Lakota, Izet"]
[Black "Oputic, Mirsad"]
[Result "0-1"]
[WhiteElo "1750"]
[BlackElo "1916"]
[PlyCount "39"]
[EventDate "2018.02.19"]

1. e4 c5 2. Nf3 Nc6 3. b3 e5 4. Bb5 d6 5. Bxc6+ bxc6 6. h3 Ne7 7. d3 Ng6 8. O-O
Be7 9. Nc3 O-O 10. Nh2 f5 11. exf5 Rxf5 12. Ne2 Bg5 13. Ng3 Rf7 14. c3 Bf4 15.
Bxf4 Nxf4 16. d4 cxd4 17. cxd4 Ba6 18. Re1 exd4 19. Qxd4 c5 20. Rad1 0-1

[Event "CC Sarajevo chess Championship"]
[Site "Sarajevo"]
[Date "2018.02.22"]
[Round "4.5"]
[White "Kozarcanin, Sead"]
[Black "Korjenic, Esef"]
[Result "1-0"]
[WhiteElo "2051"]
[BlackElo "1981"]
[PlyCount "28"]
[EventDate "2018.02.19"]

1. b3 c5 2. Bb2 Nc6 3. c4 d6 4. g3 f5 5. Bg2 e5 6. e3 Nf6 7. Ne2 Be7 8. d4 cxd4
9. exd4 O-O 10. Bxc6 bxc6 11. dxe5 Ne4 12. O-O Qb6 13. exd6 Bf6 14. Bxf6 Rxf6
1-0

[Event "CC Sarajevo chess Championship"]
[Site "Sarajevo"]
[Date "2018.02.22"]
[Round "4.6"]
[White "Haskovic, Salih"]
[Black "Bavcic, Fuad"]
[Result "0-1"]
[WhiteElo "1887"]
[BlackElo "1671"]
[PlyCount "89"]
[EventDate "2018.02.19"]

1. e4 e6 2. d4 d5 3. e5 c5 4. Bb5+ Nc6 5. Nf3 Bd7 6. Bxc6 bxc6 7. O-O cxd4 8.
Nxd4 c5 9. Nf3 Ne7 10. Bg5 Qb6 11. b3 Ng6 12. Nbd2 h6 13. Bh4 Bb5 14. c4 Bc6
15. cxd5 Bxd5 16. Nc4 Bxc4 17. bxc4 Be7 18. Bxe7 Nxe7 19. Qd6 Qxd6 20. exd6 Nf5
21. Rab1 Nxd6 22. Ne5 O-O 23. h3 f6 24. Nf3 Rac8 25. Nd2 Rb8 26. f3 Nf5 27. Kf2
Rfd8 28. Rxb8 Rxb8 29. Rb1 Rd8 30. Rb2 Rd7 31. g4 Nd4 32. Ne4 Rc7 33. a4 f5 34.
Nc3 fxg4 35. fxg4 Rf7+ 36. Kg2 Kh7 37. Ne4 e5 38. g5 Ne6 39. h4 Rf4 40. Re2
Rxh4 41. gxh6 Nf4+ 42. Kg3 Rh3+ 43. Kg4 Rxh6 44. Ng5+ Kg6 45. Ne4 0-1

[Event "CC Sarajevo chess Championship"]
[Site "Sarajevo"]
[Date "2018.02.24"]
[Round "5.2"]
[White "Kozarcanin, Sead"]
[Black "Dedic, Nedzad"]
[Result "0-1"]
[WhiteElo "2051"]
[BlackElo "1935"]
[PlyCount "98"]
[EventDate "2018.02.19"]

1. b3 Nc6 2. Bb2 d5 3. e3 Nf6 4. Bb5 Bd7 5. f4 a6 6. Be2 g6 7. Nf3 Bg7 8. c4
dxc4 9. Bxc4 O-O 10. O-O Bf5 11. d4 Nb4 12. Na3 c6 13. Ne5 h5 14. Qe1 a5 15.
Bc3 Qd6 16. Be2 Ne4 17. Nac4 Nxc3 18. Nxd6 Nxe2+ 19. Qxe2 exd6 20. Nf3 Bd3 21.
Qd2 Bxf1 22. Rxf1 Rfe8 23. Re1 f5 24. Ng5 Bf6 25. a3 Nd5 26. e4 fxe4 27. Nxe4
Bg7 28. g3 Re6 29. Ng5 Bxd4+ 30. Kg2 Bc3 31. Qxc3 Nxc3 32. Rxe6 d5 33. Rxg6+
Kf8 34. f5 Ne4 35. Ne6+ Kf7 36. h3 c5 37. g4 hxg4 38. hxg4 a4 39. Rg7+ Kf6 40.
Rxb7 axb3 41. Rxb3 c4 42. Rb6 Ke5 43. Nc7 Rc8 44. Rc6 c3 45. Kf3 Rh8 46. Re6+
Kd4 47. Rc6 Rh1 48. Ke2 Rh2+ 49. Kd1 Kd3 0-1

[Event "CC Sarajevo chess Championship"]
[Site "Sarajevo"]
[Date "2018.02.24"]
[Round "5.3"]
[White "Oputic, Mirsad"]
[Black "Burovic, Ismet"]
[Result "0-1"]
[WhiteElo "1916"]
[BlackElo "2327"]
[PlyCount "108"]
[EventDate "2018.02.19"]

1. e4 c6 2. d4 d6 3. Bd3 e5 4. Nf3 Bg4 5. dxe5 dxe5 6. h3 Bh5 7. Be3 Nd7 8.
Nbd2 Qc7 9. Qe2 Nc5 10. Bc4 Nf6 11. Bg5 Be7 12. Qe3 Ncd7 13. c3 h6 14. Bh4 g5
15. Bg3 Bg6 16. b4 Nh5 17. Nh2 Nf4 18. O-O a5 19. a3 O-O 20. Rfe1 Rfd8 21. f3
Kg7 22. Bf2 h5 23. Bf1 h4 24. Nc4 axb4 25. cxb4 f6 26. Ng4 c5 27. b5 Bf7 28.
Rec1 Ne6 29. a4 Nd4 30. Rcb1 Nc2 31. Qc1 Nxa1 32. Rxa1 Nf8 33. b6 Qd7 34. Nce3
Ne6 35. Nd5 Nd4 36. Nxe7 Qxe7 37. Qb2 Ra5 38. Be1 Raa8 39. a5 c4 40. Ne3 Qc5
41. Bb4 Nxf3+ 42. Kf2 c3 43. Bxc3 Nd4 44. Rc1 Nb3 45. Rc2 Rac8 46. Kf3 Bh5+ 47.
Ng4 Nd4+ 48. Bxd4 Qxc2 49. Qb4 Rd7 50. Be3 Rc3 51. Qb5 Rxe3+ 52. Kxe3 Qd2+ 53.
Kf3 Qf4+ 54. Ke2 Bxg4+ 0-1

[Event "CC Sarajevo chess Championship"]
[Site "Sarajevo"]
[Date "2018.02.24"]
[Round "5.4"]
[White "Colpa, Fahrudin"]
[Black "Hasanovic, Jakub"]
[Result "0-1"]
[WhiteElo "1830"]
[BlackElo "1834"]
[PlyCount "82"]
[EventDate "2018.02.19"]

1. e4 e5 2. Nf3 Nc6 3. Nc3 Bc5 4. Bc4 Nf6 5. d3 h6 6. a3 O-O 7. b4 Bd4 8. Nxd4
Nxd4 9. Be3 Ne6 10. Qd2 Kh7 11. h3 d6 12. g4 Nd4 13. O-O-O c6 14. f4 b5 15. Ba2
a5 16. g5 Ng8 17. Bxd4 exd4 18. Ne2 c5 19. bxc5 dxc5 20. Rdg1 Be6 21. c4 dxc3
22. Nxc3 Bxa2 23. Nxa2 Qd4 24. Kb1 c4 25. Rg3 b4 26. Qe3 Rfd8 27. gxh6 Qxe3 28.
Rxe3 Rxd3 29. Rxd3 cxd3 30. hxg7 Kxg7 31. axb4 axb4 32. Kb2 Nf6 33. e5 Nd5 34.
Rg1+ Kh6 35. f5 Ne3 36. e6 fxe6 37. Rg6+ Kh5 38. Rxe6 d2 39. Rd6 d1=Q 40. Rxd1
Nxd1+ 41. Kb1 Nc3+ 0-1

[Event "CC Sarajevo chess Championship"]
[Site "Sarajevo"]
[Date "2018.02.24"]
[Round "5.6"]
[White "Lakota, Izet"]
[Black "Camdzija, Samir"]
[Result "1-0"]
[WhiteElo "1750"]
[BlackElo "1822"]
[PlyCount "67"]
[EventDate "2018.02.19"]

1. e4 c5 2. Nf3 Nc6 3. b3 a6 4. Bb2 e6 5. a4 Nf6 6. Nc3 Be7 7. d4 Qb6 8. d5 Nd4
9. Bc4 O-O 10. O-O d6 11. Nxd4 cxd4 12. Ne2 e5 13. Bd3 Bg4 14. f3 Bh5 15. Bc1
Nd7 16. Bd2 Rac8 17. Qe1 Bg6 18. f4 f5 19. Ng3 Bh4 20. Qe2 fxe4 21. Nxe4 Bxe4
22. Bxe4 exf4 23. Bd3 Nf6 24. Qe6+ Kh8 25. Bxf4 Qd8 26. g3 g5 27. Bxd6 Kg7 28.
Bxf8+ Qxf8 29. Rxf6 Qxf6 30. Qxc8 g4 31. Rf1 Qe7 32. Qxg4+ Bg5 33. Qxd4+ Kg8
34. Qe4 1-0

[Event "CC Sarajevo chess Championship"]
[Site "Sarajevo"]
[Date "2018.02.24"]
[Round "6.1"]
[White "Mrndjic, Muamer"]
[Black "Dedic, Nedzad"]
[Result "1-0"]
[WhiteElo "2154"]
[BlackElo "1935"]
[PlyCount "47"]
[EventDate "2018.02.19"]

1. d4 d5 2. c4 e6 3. Nc3 Nf6 4. e3 Be7 5. Nf3 b6 6. cxd5 exd5 7. Bb5+ c6 8. Bd3
O-O 9. b3 Ba6 10. Bb2 Re8 11. O-O Bb4 12. Bxa6 Nxa6 13. Qd3 Nc7 14. Ne5 Qd6 15.
Ne2 Nb5 16. Rfc1 Rec8 17. a4 Na3 18. Ng3 g6 19. Qa6 Rc7 20. Nd3 c5 21. dxc5
Rxc5 22. Nxb4 Rxc1+ 23. Rxc1 Qxb4 24. Bxf6 1-0

[Event "CC Sarajevo chess Championship"]
[Site "Sarajevo"]
[Date "2018.02.24"]
[Round "6.2"]
[White "Hadzovic, Amir"]
[Black "Bavcic, Fuad"]
[Result "1-0"]
[WhiteElo "2281"]
[BlackElo "1671"]
[PlyCount "75"]
[EventDate "2018.02.19"]

1. e4 e6 2. Nf3 d5 3. e5 c5 4. g3 Nc6 5. Bg2 Nge7 6. O-O Ng6 7. Qe2 Qc7 8. Re1
Nb4 9. d3 Ne7 10. c4 d4 11. a3 Nbc6 12. b4 Ng6 13. b5 Na5 14. Qd1 Rb8 15. Bd2
Be7 16. Qa4 b6 17. Bxa5 bxa5 18. Nxd4 Bd7 19. Nc6 Rc8 20. Qxa5 Qxa5 21. Nxa5
O-O 22. f4 Bd8 23. Nb3 Ne7 24. Nc3 Nf5 25. a4 f6 26. Ne4 Be7 27. a5 Nd4 28.
Nxd4 cxd4 29. Nd6 Bxd6 30. exd6 Rc5 31. a6 Kf7 32. Reb1 Rb8 33. b6 Bc6 34. bxa7
Ra8 35. Rb7+ Kg6 36. d7 Bxg2 37. Kxg2 e5 38. Rb8 1-0

[Event "CC Sarajevo chess Championship"]
[Site "Sarajevo"]
[Date "2018.02.24"]
[Round "6.3"]
[White "Burovic, Ismet"]
[Black "Lakota, Izet"]
[Result "1-0"]
[WhiteElo "2327"]
[BlackElo "1750"]
[PlyCount "49"]
[EventDate "2018.02.19"]

1. e4 d5 2. exd5 Qxd5 3. Nf3 g6 4. Be2 Bg7 5. d4 Nf6 6. h3 b6 7. c4 Qd8 8. Nc3
Bb7 9. Be3 e6 10. Qd2 Ne4 11. Nxe4 Bxe4 12. Rd1 O-O 13. Bh6 Nd7 14. Bxg7 Kxg7
15. Qf4 Bb7 16. h4 Nf6 17. O-O Qd6 18. Ne5 Nd7 19. Qe3 Nxe5 20. dxe5 Qe7 21.
Rd4 Rad8 22. Rfd1 Rxd4 23. Qxd4 a5 24. Qf4 Rd8 25. Qf6+ 1-0

[Event "CC Sarajevo chess Championship"]
[Site "Sarajevo"]
[Date "2018.02.24"]
[Round "6.4"]
[White "Hasanovic, Jakub"]
[Black "Oputic, Mirsad"]
[Result "0-1"]
[WhiteElo "1834"]
[BlackElo "1916"]
[PlyCount "94"]
[EventDate "2018.02.19"]

1. d4 f5 2. Nf3 Nf6 3. Bg5 e6 4. Nbd2 Be7 5. h3 d6 6. e3 Bd7 7. Bd3 d5 8. Ne5
O-O 9. Nxd7 Nbxd7 10. a3 Qe8 11. O-O Bd6 12. c4 Ne4 13. f4 c6 14. c5 Bc7 15.
Nxe4 fxe4 16. Be2 b6 17. b4 b5 18. Bh5 g6 19. Be2 Kg7 20. a4 a6 21. Qe1 h6 22.
Bh4 Nf6 23. g4 Ng8 24. Kh1 Qd7 25. Bg3 Ne7 26. h4 Qc8 27. Rg1 Kh7 28. a5 Qe8
29. Rg2 Qf7 30. Qg1 Rg8 31. Rf1 Raf8 32. Rh2 Rg7 33. h5 gxh5 34. Rxh5 Rg6 35.
Qh2 Bd8 36. Bh4 Qg7 37. Rg1 Kg8 38. g5 Nf5 39. Bg4 hxg5 40. Bxg5 Bxg5 41. Bxf5
Rxf5 42. fxg5 e5 43. Qh3 Rf3 44. Qc8+ Qf8 45. Qxa6 Rf1 46. Qb7 Qf3+ 47. Kh2
Qxh5+ 0-1

[Event "CC Sarajevo chess Championship"]
[Site "Sarajevo"]
[Date "2018.02.24"]
[Round "6.6"]
[White "Korjenic, Esef"]
[Black "Colpa, Fahrudin"]
[Result "0-1"]
[WhiteElo "1981"]
[BlackElo "1830"]
[PlyCount "51"]
[EventDate "2018.02.19"]

1. e4 e5 2. Bc4 Nf6 3. d3 c6 4. Nf3 Qc7 5. Nc3 h6 6. O-O d6 7. d4 Bg4 8. dxe5
dxe5 9. Be3 Nbd7 10. h3 Bh5 11. g4 Bg6 12. Nd2 O-O-O 13. f3 Nb6 14. Bb3 Be7 15.
Qe2 h5 16. Kg2 Nfd7 17. Nc4 f6 18. Rad1 Nc5 19. Bxc5 Bxc5 20. Nxb6+ Bxb6 21.
Na4 hxg4 22. hxg4 Rd4 23. Nxb6+ Qxb6 24. c3 Rxd1 25. Rxd1 a6 26. Qf2 0-1